The DecisionTools and StatTools Suite/ (Record no. 9650)
[ view plain ]
| 000 -LEADER | |
|---|---|
| fixed length control field | 00676nac a22001691u 4500 |
| 008 - FIXED-LENGTH DATA ELEMENTS--GENERAL INFORMATION | |
| fixed length control field | 100518t xxu||||| |||| 00| 0 eng d |
| 082 0# - DEWEY DECIMAL CLASSIFICATION NUMBER | |
| Classification number | 658.403 |
| Item number | DEC |
| Edition number | 22 |
| 100 ## - MAIN ENTRY--PERSONAL NAME | |
| Personal name | 20080729 |
| 9 (RLIN) | 14104 |
| 245 04 - TITLE STATEMENT | |
| Title | The DecisionTools and StatTools Suite/ |
| 250 ## - EDITION STATEMENT | |
| Edition statement | Student ed. |
| 260 ## - PUBLICATION, DISTRIBUTION, ETC. (IMPRINT) | |
| Place of publication, distribution, etc | Belmont, Calif. : |
| Name of publisher, distributor, etc | Thomson Brooks/Cole, 2005 |
| Date of publication, distribution, etc | 2005 |
| 300 ## - PHYSICAL DESCRIPTION | |
| Extent | 1CD-ROM : |
| Other physical details | col. ; |
| Dimensions | 4 3/4 in.+ |
| Accompanying material | 1 booklet (11 p.). |
| 538 ## - SYSTEM DETAILS NOTE | |
| System details note | System requirements: IBM compatible PC; 64MB RAM; Windows 95 or later; 150MB of free hard disk space. |
| 650 #0 - SUBJECT ADDED ENTRY--TOPICAL TERM | |
| Topical term or geographic name as entry element | Management science |
| General subdivision | Mathematical models |
| 9 (RLIN) | 14105 |
| 650 #0 - SUBJECT ADDED ENTRY--TOPICAL TERM | |
| Topical term or geographic name as entry element | Electronic spreadsheets |
| 9 (RLIN) | 14106 |
| 942 ## - ADDED ENTRY ELEMENTS (KOHA) | |
| Item type | |
| Call number prefix | 658.403DEC |
| Source of classification or shelving scheme | Dewey Decimal Classification |
| Withdrawn status | Lost status | Source of classification or shelving scheme | Damaged status | Not for loan | Home library | Current library | Shelving location | Date acquired | Source of acquisition | Total Checkouts | Full call number | Barcode | Date last seen | Koha item type |
|---|---|---|---|---|---|---|---|---|---|---|---|---|---|---|
| Dewey Decimal Classification | Central Library | Central Library | First floor | 26/05/2008 | 658.403DEC | 000011543 | 24/08/2022 | CD | DVD - (NB) |